Regions of Africa - Statistics

General Stats
  • This quiz has been taken 16 times
  • The average score is 45 of 54
Answer Stats
Country % Correct
Central African Republic
100%
Chad
100%
Congo
100%
Algeria
92%
Egypt
92%
Equatorial Guinea
92%
Gabon
92%
Guinea
92%
Libya
92%
Morocco
92%
Rwanda
92%
South Sudan
92%
Sudan
92%
Tunisia
92%
Angola
83%
Benin
83%
Botswana
83%
Burundi
83%
Cameroon
83%
Cape Verde
83%
Cote d'Ivoire
83%
Democratic Republic of Congo
83%
Eswatini
83%
Guinea Bissau
83%
Kenya
83%
Lesotho
83%
Liberia
83%
Madagascar
83%
Mali
83%
Mauritania
83%
Mauritius
83%
Mozambique
83%
Namibia
83%
Niger
83%
Nigeria
83%
Sao Tome and Principe
83%
Somalia
83%
Tanzania
83%
Togo
83%
Zambia
83%
Zimbabwe
83%
Burkina Faso
75%
Comoros
75%
Eritrea
75%
Ethiopia
75%
Gambia
75%
Ghana
75%
Malawi
75%
Senegal
75%
Seychelles
75%
Sierra Leone
75%
South Africa
75%
Uganda
75%
Djibouti
67%
No matching quizzes found
Score Distribution
Percent of People with Each Score
Percentile by Number Answered
Your Score History
You have not taken this quiz